Elements of the applied theory of elastic vibration (Record no. 545195)

000 -LEADER
fixed length control field 00420cam a2200133K 4500
082 04 - DEWEY DECIMAL CLASSIFICATION NUMBER
Classification number 620.3
Author Mark PAN
-- L-24, P-34
100 1# - MAIN ENTRY--PERSONAL NAME
Personal name Panovko .ya
9 (RLIN) 40983
245 10 - TITLE STATEMENT
Title Elements of the applied theory of elastic vibration
Remainder of title Ya. panovko
Statement of responsibility, etc. By John Leslie.
260 ## - PUBLICATION, DISTRIBUTION, ETC.
Place of publication, distribution, etc. Moscow,
Name of publisher, distributor, etc. Mir publishers moscow,
Date of publication, distribution, etc. c1871.
300 ## - PHYSICAL DESCRIPTION
Extent 317 p.
Other physical details ill.
Dimensions 24 cm.
526 ## - STUDY PROGRAM INFORMATION NOTE
Program name 0
Interest level 0
Reading level 0
Title point value 620_300000000000000_PAN
650 #0 - SUBJECT ADDED ENTRY--TOPICAL TERM
Topical term or geographic name entry element MCE
9 (RLIN) 379
942 ## - ADDED ENTRY ELEMENTS (KOHA)
Source of classification or shelving scheme
Koha item type Book
Holdings
Withdrawn status Lost status Source of classification or shelving scheme Damaged status Not for loan Permanent Location Current Location Date acquired Total Checkouts Full call number Barcode Date last seen Price effective from Koha item type
          Military College of Engineering (MCE) Military College of Engineering (MCE) 05/19/2014   620.3 PAN MCE-3465 05/19/2014 05/19/2014 Book
© 2023 Central Library, National University of Sciences and Technology. All Rights Reserved.